Top 20 Words Starting With J - Statistics

General Stats
  • This quiz has been taken 771 times
  • The average score is 8 of 20
Answer Stats
rank letters word % Correct
1 4 just
86%
13 4 jack
71%
8 4 jump
70%
12 4 joke
69%
2 3 job
63%
15 3 joy
58%
3 4 join
54%
16 4 jury
51%
7 7 justice
51%
5 5 judge
43%
20 5 juice
41%
4 5 joint
36%
18 4 john
29%
11 8/9 judg(e)ment
26%
9 7 justify
25%
6 7 journey
24%
10 6 jacket
16%
14 7 journal
15%
17 10 journalist
10%
19 8 junction
6%
No matching quizzes found
Score Distribution
Percent of People with Each Score
Percentile by Number Answered
Your Score History
You have not taken this quiz